Grandes villes d'Algérie - Statistiques

Statistiques générales
  • Ce quiz a été pris 460 fois
  • Le résultat moyen est 6 sur 10
Statistiques - réponses
Rang Ville Population % Correct
1 Alger 2 364 230
100%
2 Oran 803 329
97%
3 Constantine 448 028
82%
4 Annaba 342 703
73%
8 Setif 252 127
64%
5 Blida 331 779
43%
10 Biskra 204 661
39%
6 Batna 289 504
38%
9 Sidi Bel Abbès 210 146
33%
7 Djelfa 265 833
17%
Aucun quiz correspondant
Distribution des résultats
% des personnes avec chaque résultat
Percentile par nombre de réponses
Votre historique - résultats
Vous n’avez pas pris ce quiz